5HLuxD.jpg

KING HENRY VIII SENIOR AND PRIMARY SCHOOL LIBRARY OPAC

Complete physics for Cambridge Lower Secondary: (Record no. 2574)

000 -LEADER
fixed length control field 01540nam a2200445 i 4500
001 - CONTROL NUMBER
control field 019622652
003 - CONTROL NUMBER IDENTIFIER
control field UkOxU
005 - DATE AND TIME OF LATEST TRANSACTION
control field 20231017155525.0
006 - FIXED-LENGTH DATA ELEMENTS--ADDITIONAL MATERIAL CHARACTERISTICS
fixed length control field m m
007 - PHYSICAL DESCRIPTION FIXED FIELD--GENERAL INFORMATION
fixed length control field co mg ---muuuu
008 - FIXED-LENGTH DATA ELEMENTS--GENERAL INFORMATION
fixed length control field 130429s2013 enka 000 0 eng d
015 ## - NATIONAL BIBLIOGRAPHY NUMBER
National bibliography number GBB352981
Source bnb
020 ## - INTERNATIONAL STANDARD BOOK NUMBER
International Standard Book Number 9780198390268
Qualifying information Teacher pack
035 ## - SYSTEM CONTROL NUMBER
System control number (Uk)016424422
035 ## - SYSTEM CONTROL NUMBER
System control number (StEdALDL)1/3050320
040 ## - CATALOGING SOURCE
Original cataloging agency StDuBDS
Language of cataloging eng
Description conventions rda
Transcribing agency StDuBDS
Modifying agency UkOxU
049 ## - LOCAL HOLDINGS (OCLC)
Holding library CROBAR
082 04 - DEWEY DECIMAL CLASSIFICATION NUMBER
Classification number 530 REY
100 1# - MAIN ENTRY--PERSONAL NAME
Personal name Reynolds, Helen,
Dates associated with a name 1963-
Relator term author.
245 10 - TITLE STATEMENT
Title Complete physics for Cambridge Lower Secondary:
Remainder of title Teacher Pack /
Statement of responsibility, etc. Helen Reynolds
264 #1 - PRODUCTION, PUBLICATION, DISTRIBUTION, MANUFACTURE, AND COPYRIGHT NOTICE
Place of production, publication, distribution, manufacture Oxford :
Name of producer, publisher, distributor, manufacturer Oxford University Press,
Date of production, publication, distribution, manufacture, or copyright notice 2013.
264 #4 - PRODUCTION, PUBLICATION, DISTRIBUTION, MANUFACTURE, AND COPYRIGHT NOTICE
Date of production, publication, distribution, manufacture, or copyright notice ©2013
300 ## - PHYSICAL DESCRIPTION
Extent 3 volumes :
Other physical details illustrations ;
Dimensions 28-30 cm +
Accompanying material 1 CD-ROM (4 3/4 in.)
336 ## - CONTENT TYPE
Content type term text
Source rdacontent
336 ## - CONTENT TYPE
Content type term still image
Source rdacontent
336 ## - CONTENT TYPE
Content type term computer dataset
Source rdacontent
337 ## - MEDIA TYPE
Media type term unmediated
Source rdamedia
337 ## - MEDIA TYPE
Media type term computer
Source rdamedia
338 ## - CARRIER TYPE
Carrier type term volume
Source rdacarrier
338 ## - CARRIER TYPE
Carrier type term computer disc
Source rdacarrier
490 1# - SERIES STATEMENT
Series statement Cambridge checkpoint and beyond
500 ## - GENERAL NOTE
General note "Endorsed by Cambridge International Examinations".
500 ## - GENERAL NOTE
General note Teacher pack accompanied by CD-ROM in pocket attached to inside back cover.
500 ## - GENERAL NOTE
General note Includes index.
505 0# - FORMATTED CONTENTS NOTE
Formatted contents note Student book -- Workbook -- Teacher pack.
650 #0 - SUBJECT ADDED ENTRY--TOPICAL TERM
Topical term or geographic name entry element Physics.
710 2# - ADDED ENTRY--CORPORATE NAME
Corporate name or jurisdiction name as entry element University of Cambridge.
Subordinate unit Local Examinations Syndicate.
-- International Examinations.
830 #0 - SERIES ADDED ENTRY--UNIFORM TITLE
Uniform title Cambridge checkpoint and beyond.
942 ## - ADDED ENTRY ELEMENTS (KOHA)
Source of classification or shelving scheme
Koha item type Teaching Resources
Holdings
Withdrawn status Lost status Source of classification or shelving scheme Damaged status Not for loan Collection code Permanent Location Current Location Shelving location Date acquired Total Checkouts Full call number Barcode Date last seen Date last checked out Price effective from Koha item type
          Teaching Resources KH8 Senior School Library KH8 Senior School Library Staff Office 2023-07-21 1 530 REY TRKHSL000966 2025-07-18 2024-11-07 2023-07-21 Teaching Resources
          Teaching Resources KH8 Senior School Library KH8 Senior School Library Staff Office 2023-07-21   530 REY TRKHSL000966CD1 2023-07-21   2023-07-21 Teaching Resources

Powered By KH8 IT Dept